Which Asian City is Largest? Sudden Death - Statistics

General Stats
  • This quiz has been taken 83 times
  • The average score is 4 of 10
Answers on the Grid
Answers color-coded by a green-red scale on the quiz's grid according to % correct below.
Kolkata
Tehran
Beijing
Manila
Dhaka
Lahore
Baghdad
Karachi
Riyadh
Tokyo
Osaka
Kyoto
Ahmedabad
Mumbai
Kuala Lumpur
Seoul
Surabaya
Kuwait City
Hefei
Tel Aviv
Ho Chi Minh City
Erbil
Yerevan
Dubai
Istanbul
Lucknow
Xiamen
Almaty
Jalalabad
Erdenet
 
Answer Stats
Answer % Correct
Beijing
94%
Tokyo
50%
Mumbai
44%
Ho Chi Minh City
38%
Seoul
37%
Dhaka
35%
Karachi
35%
Dubai
33%
Istanbul
29%
Almaty
13%
No matching quizzes found
Score Distribution
Percent of People with Each Score
Percentile by Number Answered
Your Score History
You have not taken this quiz